Slouching towards Gomorrah : modern liberalism and American decline (Record no. 4471)
[ view plain ]
| 000 -LEADER | |
|---|---|
| fixed length control field | 00581 a2200193 4500 |
| 020 ## - INTERNATIONAL STANDARD BOOK NUMBER | |
| International Standard Book Number | 0-06-039163-4 |
| 022 ## - INTERNATIONAL STANDARD SERIAL NUMBER | |
| International Standard Serial Number | 0-06-039163-4 |
| 040 ## - CATALOGING SOURCE | |
| Original cataloging agency | DLC |
| Language of cataloging | DLC |
| 082 ## - DEWEY DECIMAL CLASSIFICATION NUMBER | |
| Classification number | 306.0973 |
| 082 ## - DEWEY DECIMAL CLASSIFICATION NUMBER | |
| Classification number | 306.0973 |
| 100 1# - MAIN ENTRY--PERSONAL NAME | |
| Personal name | Bork, Robert H. |
| 245 00 - TITLE STATEMENT | |
| Title | Slouching towards Gomorrah : modern liberalism and American decline |
| Remainder of title | modern liberalism and American decline |
| Statement of responsibility, etc. | Robert H. Bork |
| 250 ## - EDITION STATEMENT | |
| Edition statement | 1. ed. |
| 260 ## - PUBLICATION, DISTRIBUTION, ETC. | |
| Place of publication, distribution, etc. | New York : |
| Name of publisher, distributor, etc. | Regan Books, |
| Date of publication, distribution, etc. | cop. 1996 |
| 300 ## - PHYSICAL DESCRIPTION | |
| Extent | 382 s. |
| 650 #0 - SUBJECT ADDED ENTRY--TOPICAL TERM | |
| Topical term or geographic name entry element | Liberalism |
| Geographic subdivision | United States |
| 650 #0 - SUBJECT ADDED ENTRY--TOPICAL TERM | |
| Topical term or geographic name entry element | Social values |
| Geographic subdivision | United States |
| 942 ## - ADDED ENTRY ELEMENTS (KOHA) | |
| Koha item type | Book |
| Call number prefix | 306.0973 BOR |
| Source of classification or shelving scheme | |
| Withdrawn status | Lost status | Damaged status | Not for loan | Collection code | Permanent Location | Current Location | Shelving location | Date acquired | Source of acquisition | Cost, normal purchase price | Total Checkouts | Full call number | Barcode | Checked out | Date last seen | Date last checked out | Price effective from | Koha item type |
|---|---|---|---|---|---|---|---|---|---|---|---|---|---|---|---|---|---|---|
| Central Library (CL) | Central Library (CL) | General Stacks | 05/30/2006 | Progressive International Agencies | 959.74 | 1 | 306.0973 BOR | SEECS007377 | 02/05/2026 | 10/08/2025 | 10/08/2025 | 01/05/2017 | Book | |||||
| Central Library (CL) | Central Library (CL) | General Stacks | 05/30/2006 | Progressive International Agencies | 959.74 | 306.0973 BOR | SEECS007378 | 08/09/2019 | 01/05/2017 | Book | ||||||||
| Central Library (CL) | Central Library (CL) | General Stacks | 05/30/2006 | Progressive International Agencies | 959.74 | 306.0973 BOR | SEECS007376 | 11/14/2012 | 01/05/2017 | Book |
